|
|
|
|
| LEADER |
00921cam a2200241 a 4500 |
| 001 |
0000069599 |
| 005 |
20031108090000.0 |
| 040 |
|
|
|a mod
|
| 041 |
|
|
|a eng
|
| 020 |
0 |
0 |
|a 0071377514
|
| 090 |
0 |
0 |
|a 621.31924
|b SCL
|e 2003
|
| 100 |
1 |
0 |
|a Sclater
|h Neil.
|
| 245 |
1 |
0 |
|a Handbook of electrical design details
|c Neil Sclater, John E. Traister.
|
| 250 |
0 |
0 |
|a 2nd ed.
|
| 260 |
0 |
0 |
|a New York
|b McGraw-Hill
|c 2003.
|
| 300 |
0 |
0 |
|a ix, 450 p.
|b ill.
|c 24 cm.
|
| 500 |
0 |
0 |
|a Includes index.
|
| 500 |
0 |
0 |
|a Rev. ed. of Handbook of electrical design details / John E. Traister. c1997.
|
| 650 |
0 |
0 |
|a Electric engineering
|x Specifications
|x Handbooks, manuals, etc.
|
| 650 |
0 |
0 |
|a Electric drafting
|x Handbooks, manuals, etc.
|
| 650 |
0 |
0 |
|a Electric wiring
|x Charts, diagrams, etc.
|
| 700 |
1 |
1 |
|a Traister
|h John E.
|t Handbook of electrical design details.
|
| 999 |
|
|
|a 0222006
|b PU SUBANG (TUDM SUBANG)
|d BOOKS
|e Rujukan
|f PU Subang (TUDM Subang)
|j AVAILABLE
|q GOOD CONDITION
|